000 01349nam a2200229Ia 4500
003 Ost
005 20260416102357.0
008 260416s9999||||xx |||||||||||||| ||und||
040 _cfsecg
041 _aara
082 _a657
100 _aكرماني، هدى
_eمؤلف
245 0 _a المحاسبة العمومية /
_c هدى كرماني
260 _aالجزائر
_bجامعة الجزائر3: كلية العلوم الإقتصادية، العلوم التجارية وعلوم التسيير
_c2021
300 _a112 ورقة
_bايضاحات
_c30 سم
504 _aمراجع ص.109
520 _aماهية المحاسبة العمومية و مبادئها ، الميزانية العامة للدولة ، اعوان المحاسبة العمومية ، محاسبة عمليات الصرف و التحصيل ، التنظيم التقني للمحاسبة العمومية ، الرقابة على الاموال اعلمومية ، الخزينة العمومية ، تطبيق معايير المحاسبة الدولية في القطاع العام .
653 _aالمحاسبة
653 _aالمحاسبة العمومية
710 _aجامعة الجزائر3: كلية العلوم الإقتصادية، العلوم التجارية وعلوم التسيير
_eناشر علمي
942 _cHANDOUT
999 _c41238
_d41238